Southville International School and Colleges
Your cart is empty.
  • Cart
  • Lists
    Public lists Eva Luna New books Lux_list list_1
    Your lists Log in to create your own lists
  • Log in to your account
  • Your cookies
  • Search history
Southville International School and Colleges
  • Advanced search
  • Recent comments
  • Most popular
  • Libraries

Log in to your account

Log in with GOOGLE


If you do not have an external account, but do have a local account, you can still log in:

  1. Home
  2. MARC view: Community health nursing services in the Philippines /
Normal view MARC view ISBD view

Community health nursing services in the Philippines / (Record no. 283842)

[ view plain ]
MARC details
000 -LEADER
fixed length control field 01181nam a22004217a 4500
003 - CONTROL NUMBER IDENTIFIER
control field ELib
005 - DATE AND TIME OF LATEST TRANSACTION
control field 20150505162048.0
008 - FIXED-LENGTH DATA ELEMENTS--GENERAL INFORMATION
fixed length control field 130219t xxu||||| |||| 00| 0 eng d
020 ## - INTERNATIONAL STANDARD BOOK NUMBER
International Standard Book Number 9719159316
050 ## - LIBRARY OF CONGRESS CALL NUMBER
Classification number RT 98
Item number .R456 2000
100 ## - MAIN ENTRY--PERSONAL NAME
Personal name Reyala, Jean P.
245 ## - TITLE STATEMENT
Title Community health nursing services in the Philippines /
Statement of responsibility, etc Jean P. Reyala [and 8 others].
250 ## - EDITION STATEMENT
Edition statement 9th ed.
260 ## - PUBLICATION, DISTRIBUTION, ETC. (IMPRINT)
Place of publication, distribution, etc Philippines :
Name of publisher, distributor, etc National League of Philippine Government Nurses, Inc. ,
Date of publication, distribution, etc 2000.
300 ## - PHYSICAL DESCRIPTION
Extent 384 pages :
Dimensions 23 cm.
Other physical details illustrations ;
500 ## - GENERAL NOTE
General note Includes bibliographical reference.
650 ## - SUBJECT ADDED ENTRY--TOPICAL TERM
Topical term or geographic name as entry element Community health services.
650 ## - SUBJECT ADDED ENTRY--TOPICAL TERM
Topical term or geographic name as entry element Public health.
700 ## - ADDED ENTRY--PERSONAL NAME
Personal name Nisce, Zenaida P.
700 ## - ADDED ENTRY--PERSONAL NAME
Personal name Martinez, Florida R.
700 ## - ADDED ENTRY--PERSONAL NAME
Personal name Hizon, Nelia F.
700 ## - ADDED ENTRY--PERSONAL NAME
Personal name Ruzol, Carolina A.
700 ## - ADDED ENTRY--PERSONAL NAME
Personal name Dequiña, Remy B.
700 ## - ADDED ENTRY--PERSONAL NAME
Personal name Alcantara, Azucena P.
700 ## - ADDED ENTRY--PERSONAL NAME
Personal name Bermudez, Ma. Thelma C.
700 ## - ADDED ENTRY--PERSONAL NAME
Personal name Estipona, Gilda R.
942 ## - ADDED ENTRY ELEMENTS (KOHA)
Source of classification or shelving scheme Library of Congress Classification
Koha item type Books
Holdings
Withdrawn status Lost status Source of classification or shelving scheme Damaged status Home library Current library Shelving location Date acquired Source of acquisition Total Checkouts Full call number Barcode Date last seen Price effective from Koha item type
    Library of Congress Classification   Southville International School Affiliated with Foreign Universities Library Southville International School Affiliated with Foreign Universities Library Southville Foreign University Section 05/05/2015 Library Fund   RT 98 .R456 2000 SFU1870 05/15/2018 05/05/2015 Books

Community health nursing services in the Philippines /

APA

Reyala J. P., Nisce Z. P., Martinez F. R., Hizon N. F., Ruzol C. A., Dequiña R. B., Alcantara A. P., Bermudez M. T. C. & Estipona G. R. (2000). Community health nursing services in the Philippines. Philippines: National League of Philippine Government Nurses, Inc.

Chicago

Reyala Jean P, Nisce Zenaida P, Martinez Florida R, Hizon Nelia F, Ruzol Carolina A, Dequiña Remy B, Alcantara Azucena P, Bermudez Ma Thelma C and Estipona Gilda R. 2000. Community health nursing services in the Philippines. Philippines: National League of Philippine Government Nurses, Inc.

Harvard

Reyala J. P., Nisce Z. P., Martinez F. R., Hizon N. F., Ruzol C. A., Dequiña R. B., Alcantara A. P., Bermudez M. T. C. and Estipona G. R. (2000). Community health nursing services in the Philippines. Philippines: National League of Philippine Government Nurses, Inc.

MLA

Reyala Jean P, Nisce Zenaida P, Martinez Florida R, Hizon Nelia F, Ruzol Carolina A, Dequiña Remy B, Alcantara Azucena P, Bermudez Ma Thelma C and Estipona Gilda R. Community health nursing services in the Philippines. Philippines: National League of Philippine Government Nurses, Inc. 2000.

  • Place hold
  • Print
  • Cite
  • Add to your cart (remove)
  • Save record
    BIBTEX Dublin Core MARCXML MARC (non-Unicode/MARC-8) MARC (Unicode/UTF-8) MARC (Unicode/UTF-8, Standard) MODS (XML) RIS
  • More searches
    Search for this title in:
    Other Libraries (WorldCat) Other Databases (Google Scholar) Online Stores (Bookfinder.com) Open Library (openlibrary.org)

Exporting to Dublin Core...

SOUTHVILLE LIBRARY

Southville International School and Colleges Library

1281 Tropical Ave. Cor. Luxembourg St., BF Homes International, Las Pinas City

Tel. No. 8256374 / 252358 Loc. 117/146

Powered by Koha